书目信息 |
| 题名: |
短篇文言文译注
|
|
| 作者: | 白化文 , 李如鸾 编著 | |
| 分册: | ||
| 出版信息: | 北京 北京出版社 1981 |
|
| 页数: | 206页 | |
| 开本: | 19cm | |
| 丛书名: | ||
| 单 册: | ||
| 中图分类: | H194.1 , H159 | |
| 科图分类: | ||
| 主题词: | 文言文--注释 , 汉语--翻译 | |
| 电子资源: | ||
| ISBN: | ||
| 000 | 00674nam0 2200253 450 | |
| 001 | 1553963904 | |
| 005 | 20150120145955.64 | |
| 010 | @dCNY0.47 | |
| 091 | @a7071.741 | |
| 100 | @a19950703d1981 em y0chiy0110 ea | |
| 101 | 0 | @achi |
| 102 | @aCN@b110000 | |
| 105 | @ay z 000yy | |
| 200 | 1 | @a短篇文言文译注@9duan pian wen yan wen yi zhu@f白化文,李如鸾编著 |
| 210 | @a北京@c北京出版社@d1981 | |
| 215 | @a206页@d19cm | |
| 606 | 0 | @a文言文@x注释 |
| 606 | 0 | @a汉语@x翻译 |
| 690 | @aH194.1@v5 | |
| 690 | @aH159@v4 | |
| 701 | 0 | @a白化文@9bai hua wen@f(1930.8~)@4编著 |
| 701 | 0 | @a李如鸾@9li ru luan@4编著 |
| 801 | 0 | @aCN@bTSSF@c20150120 |
| 905 | @aZUCC@dH159@eJY29 | |
| 短篇文言文译注/白化文,李如鸾编著.-北京:北京出版社,1981 |
| 206页;19cm |
| ISBN :CNY0.47 |
| ● |
| 相关链接 |
|
|
|
|
正题名:短篇文言文译注
索取号:H159/JY29
 
预约/预借
| 序号 | 登录号 | 条形码 | 馆藏地/架位号 | 状态 | 备注 |
| 1 | 7849395 | 278493952 | 学院路分馆/ [索取号:H159/JY29] | 在馆 | |
| 2 | 7849396 | 278493961 | 学院路分馆/ [索取号:H159/JY29] | 在馆 | |
| 3 | 7849397 | 278493970 | 学院路分馆/ [索取号:H159/JY29] | 在馆 | |
| 4 | 7849398 | 278493989 | 学院路分馆/ [索取号:H159/JY29] | 在馆 |